| LEADER | 00817nam a2200205 i 4500 | ||
|---|---|---|---|
| 001 | 10115048 | ||
| 003 | GR-PaULI | ||
| 005 | 20210127143159.0 | ||
| 008 | 150127s1975 gr g p gre d | ||
| 952 | |0 0 |1 0 |2 ddc |4 0 |6 889_134000000000000_ΚΑΤ |7 0 |9 322797 |a LISP |b LISP |c DON |d 2021-01-27 |e ΓΑΛ |i 144849 |l 0 |o 889.134 ΚΑΤ |p 025000271027 |r 2021-01-27 00:00:00 |t 1 |w 2021-01-27 |y BKN | ||
| 999 | |c 181444 |d 181444 | ||
| 040 | |a GR-PaULI |c GR-PaULI |b gre |e AACR2 | ||
| 082 | 1 | 4 | |a 889.134 |2 23 |
| 100 | 1 | |a Κατσαρός, Μιχάλης |d 1919-1998 |9 135209 |e συγγραφέας. | |
| 245 | 1 | 0 | |a Πρόβες και ωδές : |b ποιήματα / |c Μιχάλης Κατσαρός. |
| 260 | |a [Αθήνα] : |b [Αντί], |c [1975]. | ||
| 300 | |a 38 σ. ; |c 21 εκ. | ||
| 655 | 4 | |a Ποίηση | |
| 942 | |2 ddc |c BKN | ||
| 998 | |c ΜΠΟΥΡΑΣ |d 2021-01 | ||